Online
Catalog

Políticas editoriales universitarias. / (Record no. 43351)

MARC details
000 -CABECERA
campo de control de longitud fija 00629nam a2200181 a 4500
001 - NÚMERO DE CONTROL
campo de control 000043862
005 - FECHA Y HORA DE LA ÚLTIMA TRANSACCIÓN
campo de control 20250701121839.0
008 - DATOS DE LONGITUD FIJA--INFORMACIÓN GENERAL
campo de control de longitud fija 140507s2004 dr 000 0 spa d
040 ## - FUENTE DE LA CATALOGACIÓN
Centro catalogador/agencia de origen DO-SdBNP
Lengua de catalogación spa
Centro/agencia transcriptor BNPHU
100 1# - ENTRADA PRINCIPAL--NOMBRE DE PERSONA
Nombre de persona Liriano, Alejandra
9 (RLIN) 54267
245 10 - MENCIÓN DE TÍTULO
Título Políticas editoriales universitarias. /
Mención de responsabilidad, etc. Alejandra Liriano, Marcos Villamán.
260 ## - PUBLICACIÓN, DISTRIBUCIÓN, ETC.
Lugar de publicación, distribución, etc. Santo Domingo, :
Nombre del editor, distribuidor, etc. SEESCT,
Fecha de publicación, distribución, etc. 2004.
300 ## - DESCRIPCIÓN FÍSICA
Extensión 40 p. ;
Dimensiones 28 cm.
490 1# - MENCIÓN DE SERIE
Mención de serie Informe
Designación de volumen o secuencia 2
700 12 - PUNTO DE ACCESO ADICIONAL--NOMBRE DE PERSONA
Nombre de persona Villamán, Marcos
9 (RLIN) 760
710 12 - PUNTO DE ACCESO ADICIONAL--NOMBRE DE ENTIDAD CORPORATIVA
Nombre de entidad corporativa o nombre de jurisdicción como elemento de entrada República Dominicana.
Unidad subordinada Secretaría de Estado de Educación Superior, Ciencia y Tecnología
9 (RLIN) 18778
830 #0 - PUNTO DE ACCESO ADICIONAL DE SERIE-TÍTULO UNIFORME
Título uniforme Informe
Número de parte o sección de la obra 2
9 (RLIN) 71741
Holdings
Estado de retiro Estado de pérdida No para préstamo Código de colección Localización permanente Ubicación/localización actual Ubicación en estantería Fecha de adquisición Número de inventario Total de préstamos Signatura topográfica completa Código de barras Fecha visto por última vez Precio válido a partir de Tipo de ítem Koha
    Excluido de préstamo Patrimonio Dominicano Patrimonio Dominicano Patrimonio Dominicano En catalogación 07.05.2014 LF1   43862-10 25.06.2020 25.06.2020 Libro y Folleto Colección Patrimonio Dominicano

Powered by Koha